| 000 -LEADER |
| fixed length control field |
03526cam a2200361 i 4500 |
| 001 - CONTROL NUMBER |
| control field |
18924410 |
| 005 - DATE AND TIME OF LATEST TRANSACTION |
| control field |
20230222095812.0 |
| 008 - FIXED-LENGTH DATA ELEMENTS--GENERAL INFORMATION |
| fixed length control field |
160104s2016 enk b 001 0 eng |
| 010 ## - LIBRARY OF CONGRESS CONTROL NUMBER |
| LC control number |
2015040287 |
| 020 ## - INTERNATIONAL STANDARD BOOK NUMBER |
| International Standard Book Number |
9780415712712 (hardback) |
| 020 ## - INTERNATIONAL STANDARD BOOK NUMBER |
| Canceled/invalid ISBN |
9781315883700 (ebook) |
| 040 ## - CATALOGING SOURCE |
| Original cataloging agency |
DLC |
| Language of cataloging |
eng |
| Transcribing agency |
DLC |
| Description conventions |
rda |
| Modifying agency |
DLC |
| 042 ## - AUTHENTICATION CODE |
| Authentication code |
pcc |
| 050 00 - LIBRARY OF CONGRESS CALL NUMBER |
| Classification number |
JZ1253 |
| Item number |
.T56 2016 |
| 082 00 - DEWEY DECIMAL CLASSIFICATION NUMBER |
| Classification number |
327.101, TIM |
| Edition number |
23 |
| 245 00 - TITLE STATEMENT |
| Title |
Time, temporality and violence in international relations : |
| Remainder of title |
(de)fatalizing the present, forging radical alternatives / |
| Statement of responsibility, etc. |
edited by Anna M. Agathangelou and Kyle D. Killian. |
| 264 #1 - PRODUCTION, PUBLICATION, DISTRIBUTION, MANUFACTURE, AND COPYRIGHT NOTICE |
| Place of production, publication, distribution, manufacture |
Abingdon, Oxon ; |
| -- |
New York, NY : |
| Name of producer, publisher, distributor, manufacturer |
Routledge, |
| Date of production, publication, distribution, manufacture, or copyright notice |
2016. |
| 300 ## - PHYSICAL DESCRIPTION |
| Extent |
xxiv, 341 pages ; |
| Dimensions |
24 cm. |
| 336 ## - CONTENT TYPE |
| Content type term |
text |
| Content type code |
txt |
| Source |
rdacontent |
| 337 ## - MEDIA TYPE |
| Media type term |
unmediated |
| Media type code |
n |
| Source |
rdamedia |
| 338 ## - CARRIER TYPE |
| Carrier type term |
volume |
| Carrier type code |
nc |
| Source |
rdacarrier |
| 490 0# - SERIES STATEMENT |
| Series statement |
Interventions |
| 505 0# - FORMATTED CONTENTS NOTE |
| Formatted contents note |
Of Time and Temporality in World Politics / Anna M. Agathangelou and Kyle D. Killian (Page-1), International Relations as a Vulnerable Space : A Conversation with Fanon and Hartman about Temporality and Violence / Anna M. Agathangelou and Kyle D. Killian (Page-23), Time, Technology, and the Imperial Eye : Perdition on the Road to Redemption in International Relations Theory / Siba rovogui (Page-45), The Social Life of Social Death : On Afro-Pessimism and Black Optimism / Jared Sexton (Page-61),Time and Practices in Global Politics / Ty Solomon (Page-76),Doing Time in the (Psychic) Commons : Black Insurgency and the Unconscious / Frank B. Wilderson III – (Page-87),Outside of Time : Salvage Ethnography, Self-Representation, and Performing Culture / Wanda Nanibush (Page-104),Impolitical Mandate : Defatalising a Port City / Suvendrini Perera and Annette Seeman (Page-119),The Productive Ambivalences of Post-Revolutionary Time : Discourse, Aesthetics, and the Political Subject of the Palestinian Present / Nasser Abourahme (Page-129),Migrant Day Laborers, Neoliberal Temporality, and the Politics of Time / Paul Apostolidis (Page-159),Atemporal Dwelling : Heterotopias of Homelessness in Contemporary Japan / Ritu Vij (Page-172),Child's Play : Discursive Temporality in Environmental Ethics / Andrew Hom and Brent J. Steele (Page-189),Childhood, Redemption and the Prosaics of Waiting / Sam Opondo (Page-205),Temporality of Difference and In/Security : Managing Difference Internally and Internationally in the Post-colonial World / Pinar Bilgin (Page-221),Killing Time : Writing the Temporality of Global Politics / Asli Çalkivik (Page-233),Hurricane Katrina and Bio-Temporalities : Media Representations of "Environmental" Disasters / Michael Shapiro (Page-246),Re-Imagining the Anonymous City : Defatalizing the Digital Present Through Analog Photography / Cliff Davidson (Page-260),Freedom Telling on Time: The Arab Revolt's Poems / by Nathalie Handal (Page-277),Blunt Balm Dust to Dust / Tsitsi Jaji (Page-284),IMAGE / FILM STILLS : From the Bed & Breakfast Notebooks / Alexandra Handal (Page-288). |
| 650 #0 - SUBJECT ADDED ENTRY--TOPICAL TERM |
| Topical term or geographic name entry element |
International relations |
| General subdivision |
Philosophy. |
| 9 (RLIN) |
109417 |
| 650 #0 - SUBJECT ADDED ENTRY--TOPICAL TERM |
| Topical term or geographic name entry element |
Time |
| General subdivision |
Sociological aspects. |
| 9 (RLIN) |
109418 |
| 650 #0 - SUBJECT ADDED ENTRY--TOPICAL TERM |
| Topical term or geographic name entry element |
Violence |
| General subdivision |
Social aspects. |
| 9 (RLIN) |
109419 |
| 650 #0 - SUBJECT ADDED ENTRY--TOPICAL TERM |
| Topical term or geographic name entry element |
Postcolonialism. |
| 9 (RLIN) |
95580 |
| 700 1# - ADDED ENTRY--PERSONAL NAME |
| Personal name |
Agathangelou, Anna M., |
| Relator term |
editor. |
| 9 (RLIN) |
109420 |
| 700 1# - ADDED ENTRY--PERSONAL NAME |
| Personal name |
Killian, Kyle D., |
| Relator term |
editor. |
| 9 (RLIN) |
109421 |
| 906 ## - LOCAL DATA ELEMENT F, LDF (RLIN) |
| a |
7 |
| b |
cbc |
| c |
orignew |
| d |
1 |
| e |
ecip |
| f |
20 |
| g |
y-gencatlg |
| 942 ## - ADDED ENTRY ELEMENTS (KOHA) |
| Source of classification or shelving scheme |
|
| Koha item type |
Book |